000 00404nam a2200169Ia 4500
001 25279
003 IN-NITTTR
005 20251114233321.0
008 251113s9999||||xx |||||||||||||| ||eng||
040 _beng
040 _cIN-NITTTR
041 _aeng
082 _a515.2433 W163I
100 _aWalnut, David F.
245 3 _aAn introduction to wavelet analysis /
_cWalnut, David F.
942 _2ddc
_cBK
999 _c27908
_d27908